Demi-finalistes du Championnat d'Europe de football - Statistiques

Statistiques générales
  • Ce quiz a été pris 136 fois
  • Le résultat moyen est 15 sur 17
Statistiques - réponses
Nombre de demi-finales Années Équipe % Correct
5 1984; 2000; 2004; 2012; 2016 Portugal
100%
9 1972; 1976; 1980; 1988; 1992; 1996; 2008; 2012; 2016 Allemagne de l'Ouest / Allemagne
99%
6 1964; 1984; 2008; 2012; 2020; 2024 Espagne
99%
6 1960; 1984; 1996; 2000; 2016; 2024 France
99%
6 1968; 1980; 1988; 2000; 2012; 2020 Italie
98%
4 1968; 1996; 2020; 2024 Angleterre
96%
6 1976; 1988; 1992; 2000; 2004; 2024 Pays-Bas
95%
4 1964; 1984; 1992; 2020 Danemark
94%
1 2004 Grèce
91%
2 1972; 1980 Belgique
90%
5 1960; 1964; 1968; 1972; 1988 Union soviétique / Russie
90%
1 2008 Turquie
83%
1 1992 Suède
80%
3 1960; 1968; 1976 Yougoslavie / Serbie
80%
1 2016 Pays de Galles
78%
5 1960; 1976; 1980; 1996; 2004 Tchécoslovaquie / République tchèque
76%
2 1964; 1972 Hongrie
74%
Aucun quiz correspondant
Distribution des résultats
% des personnes avec chaque résultat
Percentile par nombre de réponses
Votre historique - résultats
Vous n’avez pas pris ce quiz